<?xml version="1.0" encoding="UTF-8"?><?xml-stylesheet type="text/xsl" href="static/style.xsl"?><OAI-PMH xmlns="http://www.openarchives.org/OAI/2.0/" xmlns:xsi="http://www.w3.org/2001/XMLSchema-instance" xsi:schemaLocation="http://www.openarchives.org/OAI/2.0/ http://www.openarchives.org/OAI/2.0/OAI-PMH.xsd"><responseDate>2026-04-27T20:18:10Z</responseDate><request verb="GetRecord" identifier="oai:uvadoc.uva.es:10324/77893" metadataPrefix="marc">https://uvadoc.uva.es/oai/request</request><GetRecord><record><header><identifier>oai:uvadoc.uva.es:10324/77893</identifier><datestamp>2025-09-26T08:40:15Z</datestamp><setSpec>com_10324_38</setSpec><setSpec>col_10324_852</setSpec></header><metadata><record xmlns="http://www.loc.gov/MARC21/slim" xmlns:doc="http://www.lyncode.com/xoai" xmlns:xsi="http://www.w3.org/2001/XMLSchema-instance" xmlns:dcterms="http://purl.org/dc/terms/" xsi:schemaLocation="http://www.loc.gov/MARC21/slim http://www.loc.gov/standards/marcxml/schema/MARC21slim.xsd">
<leader>00925njm 22002777a 4500</leader>
<datafield tag="042" ind1=" " ind2=" ">
<subfield code="a">dc</subfield>
</datafield>
<datafield tag="720" ind1=" " ind2=" ">
<subfield code="a">Ruiz Moro, David</subfield>
<subfield code="e">author</subfield>
</datafield>
<datafield tag="260" ind1=" " ind2=" ">
<subfield code="c">2025</subfield>
</datafield>
<datafield tag="520" ind1=" " ind2=" ">
<subfield code="a">En el presente trabajo realizaremos un acercamiento al concepto de ayuda pública desde&#xd;
el punto de vista del derecho de la competencia, tanto nacional como comunitario.&#xd;
Estudiaremos para ello el concepto de ayuda pública, los elementos que establece la&#xd;
jurisprudencia europea para la consideración de una medida como ayuda estatal y los&#xd;
procedimientos para su control. En la segunda parte, con un carácter más práctico,&#xd;
profundizaremos en los conceptos vistos previamente a través del análisis de diferentes&#xd;
decisiones de la Comisión Europea.&#xd;
Constituye la ayuda pública un elemento de enorme importancia como instrumento&#xd;
expansivo de política económica, lo que explica la reticencia de los Estados a su renuncia.&#xd;
Tanto el elevado volumen de recursos que moviliza, como los efectos no deseados que&#xd;
de su utilización pueden derivarse, hacen necesario un control por parte de las&#xd;
instituciones</subfield>
</datafield>
<datafield tag="024" ind2=" " ind1="8">
<subfield code="a">https://uvadoc.uva.es/handle/10324/77893</subfield>
</datafield>
<datafield ind1=" " ind2=" " tag="653">
<subfield code="a">Ayuda del Estado a las empresas</subfield>
</datafield>
<datafield tag="245" ind1="0" ind2="0">
<subfield code="a">Análisis de la Decisión 2019/115 sobre la posible ayuda pública a Correos y Telégrafos</subfield>
</datafield>
</record></metadata></record></GetRecord></OAI-PMH>